| 000 | 01434cam a2200385 a 4500 | ||
|---|---|---|---|
| 001 | 12062118 | ||
| 003 | OSt | ||
| 005 | 20210420064158.0 | ||
| 008 | 000619r19781903nyub 000 1 eng | ||
| 010 | _a 00268716 | ||
| 020 | _a0141181656 | ||
| 040 |
_aDLC _cDLC _dDLC |
||
| 043 | _ae-uk--- | ||
| 050 | 0 | 0 |
_aPR6005.H52 _bR52 1978 |
| 080 |
_a821.111 _bC-52 |
||
| 082 | 0 | 0 |
_a823/.912 _222 |
| 100 | 1 |
_aChilders, Erskine, _d1870-1922. |
|
| 245 | 1 | 4 |
_aThe riddle of the sands : _ba record of secret service / _cErskine Childers ; with a foreword by Geoffrey Household. |
| 260 |
_aLondon, England ; _aNew York : _bPenguin Books, _c1978. |
||
| 300 |
_a326 p. ; _c20 cm. |
||
| 440 | 0 | _aPenguin twentieth century classics | |
| 500 | _aReprint of the 1903 ed. published by Smith, Elder, London. | ||
| 650 | 0 |
_aSecret service _vFiction. |
|
| 650 | 0 |
_aSailing _vFiction. |
|
| 651 | 0 |
_aGreat Britain _xHistory _xInvasions _vFiction. |
|
| 651 | 0 |
_aFrisian Islands _vFiction. |
|
| 653 | _aინგლისური ლიტერატურა | ||
| 655 | 7 |
_aAlternative histories (Fiction) _2gsafd |
|
| 655 | 7 |
_aAdventure fiction. _2gsafd |
|
| 655 | 7 |
_aSea stories. _2gsafd |
|
| 856 | 4 | 1 |
_3Table of contents _uhttp://www.loc.gov/catdir/toc/fy0602/00268716.html |
| 906 |
_a7 _bcbc _corigcop _d2 _encip _f20 _gy-gencatlg |
||
| 942 |
_2udc _cBK |
||
| 999 |
_c492 _d492 |
||